Music Quiz

Random Music Quiz

Britney Spears Master Quiz Stats

 Plays Quiz not verified by Sporcle

Challenge
Share
Tweet
Embed
Score 0/10 Timer 01:30
0 Plays Today
Question Answer Wrong Answers
Which official single has been featured on two different studio albums? Radar
87.5%
Break The Ice
1.8%
Do Somethin'
1.8%
Overprotected
3.6%
What pop group was Britney initially part of before going solo? Innosense
84.8%
Eden's Crush
6.3%
Precious
3.6%
Eternal
1.8%
Which song written for Britney Spears was eventually rejected by her label for 'Gimme More'? 'Umbrella' Rihanna
81.3%
'Telephone' Lady Gaga
13.4%
'Burn' Ellie Goulding
0.9%
'Roar' Katy Perry
1.8%
Which of these Britney albums did not make it to number one on the official US billboard 200 chart? Blackout
80.4%
Femme Fatale
8%
Circus
3.6%
Britney
3.6%
For which song did Britney win a Grammy for best dance recording? Toxic
80.4%
...Baby One More Time
5.4%
Oops I Did It Again
3.6%
I'm a Slave for You
8%
What song did Britney sing to the Jive executives which landed her a record deal? 'I Have Nothing' Whitney Houston
73.2%
'Tomorrow Never Dies' Sheryl Crow
5.4%
'Like A Prayer' Madonna
7.1%
'Total Eclipse of the Heart' Bonnie Tyler
6.3%
Where was Britney Spears born? McComb, Mississippi
66.1%
Kentwood, Louisiana
27.7%
Rome, Georgia
0%
Huntsville, Alabama
0.9%
How many official US Hot 100 number one Singles has Britney had as of 2018? 5
53.6%
6
14.3%
4
18.8%
7
10.7%
Which of these Britney singles did not make it to number one on the official UK top 40 chart? Womanizer
50%
Everytime
7.1%
Scream and Shout
19.6%
Born to Make You Happy
19.6%
How many official UK top 40 number one Albums has Britney had as of 2018? 0
49.1%
2
10.7%
4
19.6%
6
16.1%

You're not logged in!

Compare scores with friends on all Sporcle quizzes.
OR
Log In

You Might Also Like...

Show Comments

Extras

Created Jan 2, 2017ReportNominate
Tags:britney, Britney Spears

Top Quizzes Today


Score Distribution

Your Account Isn't Verified!

In order to create a playlist on Sporcle, you need to verify the email address you used during registration. Go to your Sporcle Settings to finish the process.

Report this User

Report this user for behavior that violates our Community Guidelines.

Details: